Essentials of cell biology (Record no. 394060)

MARC details
000 -LEADER
fixed length control field 00486nam a22001937a 4500
005 - DATE & TIME
control field 20260202163503.0
008 - FIXED-LENGTH DATA ELEMENTS--GENERAL INFORMATION
fixed length control field 260202b |||||||| |||| 00| 0 eng d
020 ## - ISBN
International Standard Book Number 9789360617165
Price Rs. 3395.00
040 ## - CATALOGING SOURCE
Original cataloging agency VIVEKANANDA LIBRARY
082 ## - DDC NUMBER
Classification number 574.87
Book Number A31E
100 ## - MAIN ENTRY--PERSONAL NAME
Personal name Ash, Maurice
245 ## - TITLE STATEMENT
Title Essentials of cell biology
260 ## - PUBLICATION, DISTRIBUTION, ETC. (IMPRINT)
Name of publisher, distributor, etc Pinakin Publishing
Date of publication, distribution, etc 2026
Place of publication, distribution, etc New Delhi
300 ## - PHYSICAL DESCRIPTION
Pages viii, 280
650 ## - Subject
Subject Biology
650 ## - Subject
Subject Cell Biology
650 ## - Subject
Subject Cell Metabolism
942 ## - ADDED ENTRY ELEMENTS (KOHA)
Koha item type Books
Holdings
Withdrawn status Lost status Source of classification or shelving scheme Damaged status Not for loan Location (home branch) Sublocation or collection (holding branch) Shelving location Date acquired Koha issues (times borrowed) Koha full call number Accession No. Koha date last seen Koha item type
    Dewey Decimal Classification     VIVEKANANDA LIBRARY VIVEKANANDA LIBRARY Vivekananda Library 07/01/2026   574.87 A31E 444024 07/01/2026 Books
© Designed and Maintained by Vivekananda Library, MDU Rohtak